Little house Quiz Stats

 Plays Quiz not verified by Sporcle

Challenge
Share
Tweet
Embed
Score 0/11 Timer 03:00
0 Plays Today
Real Name Name in the show % Correct
Melissa GilbertLaura Ingalls
95.3%
Melissa Sue AndersonMary Ingalls
94.4%
Michael LandonCharles Ingalls
92.2%
Karen GrassleCaroline Ingalls
91.2%
Lindsey/Sidney GreenbushCarrie Ingalls
90.8%
Matthew LaborteauxAlbert Ingalls
81.9%
Alison ArngrimNellie Oleson
69.5%
Jonathan GilbertWillie Oleson
60.6%
Patrick LabyorteauxAndy Garvey
56.8%
Dabbs GreerRobert alden
53.5%
Kevin HagenDr. baker
50.7%

You're not logged in!

Compare scores with friends on all Sporcle quizzes.
Join for Free
OR
Log In

You Might Also Like...

Show Comments

Extras

Created Dec 17, 2009ReportNominate
Tags:Show Quiz, house, little, prairie

Top Quizzes Today


Score Distribution

Your Account Isn't Verified!

In order to create a playlist on Sporcle, you need to verify the email address you used during registration. Go to your Sporcle Settings to finish the process.

Report this User

Report this user for behavior that violates our Community Guidelines.

Details: